[Event "Paris-ch op-C 87th"]
[Site "Paris"]
[Date "2012.07.07"]
[Round "1"]
[White "Akulyan, Lyova"]
[Black "Insuasty, Luis"]
[Result "1-0"]
[WhiteElo "1636"]
[BlackElo "1885"]
[PlyCount "41"]
[EventDate "2012.07.07"]
[EventType "swiss"]
[EventRounds "9"]
[EventCountry "FRA"]
[SourceTitle "EXT 2014"]
[Source "ChessBase"]
[SourceDate "2013.11.20"]
[SourceVersion "1"]
[SourceVersionDate "2013.11.20"]
[SourceQuality "1"]

1. e4 c5 2. Nc3 Nc6 3. Bc4 g6 4. d3 Bg7 5. f4 d6 6. Nf3 Nf6 7. 0-0 0-0 8. a4 Kh8 9. Kh1 a6 10. Ng5 e6 11. f5 h6 12. fxg6 hxg5 13. Rxf6 fxg6 14. Rxg6 Qe8 15. Rxg5 Bh6 16. Rg3 Rf6 17. Bxh6 Rxh6 18. Qg4 Qf8 19. Rf3 Qe7 20. Raf1 Ne5 21. Rf8+ 1-0

[Event "Paris-ch op-B"]
[Site "Paris"]
[Date "2010.07.06"]
[Round "3"]
[White "Insuasty, Luis"]
[Black "Joussim, Philippe"]
[Result "1-0"]
[WhiteElo "1883"]
[BlackElo "1771"]
[PlyCount "79"]
[EventDate "2010.07.03"]
[EventType "swiss"]
[EventRounds "9"]
[EventCountry "FRA"]
[SourceTitle "CBM 137 Extra"]
[Source "ChessBase"]
[SourceDate "2010.09.01"]
[SourceVersion "1"]
[SourceVersionDate "2010.09.01"]
[SourceQuality "1"]

1. c4 Nf6 2. g3 e6 3. Bg2 c5 4. Nf3 Nc6 5. d3 d5 6. cxd5 exd5 7. 0-0 Be7 8. Nbd2 0-0 9. Nb3 Re8 10. Bg5 Qd6 11. Bf4 Qd8 12. Rc1 b6 13. Re1 Nh5 14. Bd2 Be6 15. e3 Nf6 16. Nfd4 Nxd4 17. exd4 Rc8 18. Be3 c4 19. dxc4 dxc4 20. Nd2 b5 21. a3 Bd5 22. f3 Bf8 23. Bg5 Rxe1+ 24. Qxe1 h6 25. Be3 Qa5 26. Qf2 c3 27. Nb1 b4 28. axb4 Qxb4 29. bxc3 Qb3 30. Nd2 Qa3 31. Ne4 Bxe4 32. fxe4 Rxc3 33. Rxc3 Qxc3 34. h3 a5 35. e5 Qa1+ 36. Kh2 Nd5 37. Bxd5 Qa3 38. Qxf7+ Kh7 39. Qg8+ Kg6 40. Be4+ 1-0

[Event "Paris-ch op-B"]
[Site "Paris"]
[Date "2009.07.11"]
[Round "8"]
[White "Insuasty, Luis"]
[Black "Colombeau, Gregory"]
[Result "1-0"]
[WhiteElo "1880"]
[BlackElo "1768"]
[PlyCount "87"]
[EventDate "2009.07.04"]
[EventType "swiss"]
[EventRounds "9"]
[EventCountry "FRA"]
[SourceTitle "EXT 2010"]
[Source "ChessBase"]
[SourceDate "2010.11.25"]
[SourceVersion "1"]
[SourceVersionDate "2010.11.25"]
[SourceQuality "1"]

1. c4 c6 2. Nf3 d5 3. cxd5 cxd5 4. g3 Nc6 5. Bg2 Nf6 6. d3 Bg4 7. Nbd2 e5 8. a3 a5 9. h3 Bf5 10. b3 h6 11. Bb2 Bd6 12. Rc1 Qe7 13. Nb1 0-0 14. 0-0 Rfe8 15. Nfd2 e4 16. dxe4 Nxe4 17. e3 Nxg3 18. fxg3 Qxe3+ 19. Kh1 Qxg3 20. Nf3 Bxb1 21. Rxb1 Re3 22. Kg1 Rae8 23. Rf2 d4 24. Bxd4 Nxd4 25. Qxd4 R8e4 26. Qd5 Bf4 27. Rc1 Rxf3 28. Rc8+ Kh7 29. Qf5+ Qg6 30. Qxg6+ fxg6 31. Bxf3 Re3 32. Kg2 Rxb3 33. Be4 Bd6 34. Rd2 Be7 35. Re2 Bf6 36. Bd5 Rc3 37. Bg8+ Kh8 38. Bc4+ Kh7 39. Ree8 g5 40. Bg8+ Kg6 41. Rxc3 Bxc3 42. Rb8 a4 43. Rxb7 Bd4 44. Rb4 1-0

[Event "Paris-ch op-B"]
[Site "Paris"]
[Date "2009.07.06"]
[Round "3"]
[White "Miannay, Michel"]
[Black "Insuasty, Luis"]
[Result "1-0"]
[WhiteElo "1758"]
[BlackElo "1880"]
[PlyCount "53"]
[EventDate "2009.07.04"]
[EventType "swiss"]
[EventRounds "9"]
[EventCountry "FRA"]
[SourceTitle "EXT 2010"]
[Source "ChessBase"]
[SourceDate "2010.11.25"]
[SourceVersion "1"]
[SourceVersionDate "2010.11.25"]
[SourceQuality "1"]

1. e4 c5 2. Nf3 g6 3. c3 Bg7 4. Be2 d6 5. d3 Nc6 6. Na3 a6 7. Nc2 Nf6 8. Ne3 b5 9. Qc2 Bb7 10. Bd2 Rc8 11. Rb1 0-0 12. 0-0 Nd4 13. Nxd4 cxd4 14. Nd1 d5 15. e5 Nd7 16. f4 Nc5 17. Rc1 Qb6 18. Kh1 Ne6 19. Qb1 dxc3 20. bxc3 Bh6 21. d4 Rc7 22. Qb2 Qa7 23. f5 Bxd2 24. Qxd2 Ng7 25. f6 Ne8 26. Qh6 Qb6 27. Rf4 1-0

[Event "Paris-ch op-B"]
[Site "Paris"]
[Date "2009.07.04"]
[Round "1"]
[White "Abbey, Anate"]
[Black "Insuasty, Luis"]
[Result "0-1"]
[WhiteElo "1651"]
[BlackElo "1880"]
[PlyCount "50"]
[EventDate "2009.07.04"]
[EventType "swiss"]
[EventRounds "9"]
[EventCountry "FRA"]
[SourceTitle "EXT 2010"]
[Source "ChessBase"]
[SourceDate "2010.11.25"]
[SourceVersion "1"]
[SourceVersionDate "2010.11.25"]
[SourceQuality "1"]

1. c4 c5 2. Nf3 Nc6 3. g3 g6 4. d4 cxd4 5. Nxd4 Bg7 6. Nc2 Nf6 7. Bg2 d6 8. 0-0 0-0 9. Nc3 Rb8 10. Rb1 Bf5 11. Ra1 Nd7 12. e4 Be6 13. Nd5 Na5 14. Nce3 Ne5 15. Qa4 Bd7 16. Qb4 b6 17. Rb1 b5 18. Bd2 Naxc4 19. Nxc4 Nxc4 20. Bg5 f6 21. Bf4 e6 22. Nc3 e5 23. Bc1 Be6 24. Rd1 Qd7 25. b3 a5 0-1

[Event "Elancourt op"]
[Site "Elancourt"]
[Date "2006.04.18"]
[Round "3"]
[White "Anciant Grasdepot, Bernard"]
[Black "Insuasty, Luis"]
[Result "0-1"]
[WhiteElo "1570"]
[BlackElo "1870"]
[PlyCount "96"]
[EventDate "2006.04.16"]
[EventType "swiss"]
[EventRounds "9"]
[EventCountry "FRA"]
[SourceTitle "CBM 111 Extra"]
[Source "ChessBase"]
[SourceDate "2006.05.09"]
[SourceVersion "1"]
[SourceVersionDate "2006.05.09"]
[SourceQuality "1"]

1. e4 c5 2. Nf3 Nc6 3. d4 cxd4 4. Nxd4 g6 5. Be3 Bg7 6. Nc3 d6 7. f3 Nf6 8. Qd2 Bd7 9. Nxc6 bxc6 10. Bh6 0-0 11. Bxg7 Kxg7 12. Bc4 Rb8 13. Bb3 c5 14. 0-0-0 Qc7 15. Nd5 Nxd5 16. exd5 f6 17. c4 a5 18. g4 Rb4 19. Qc3 Rfb8 20. Rd2 a4 21. Bd1 a3 22. b3 e5 23. h4 Rf8 24. h5 g5 25. Bc2 Rb7 26. h6+ Kh8 27. Rg2 Qd8 28. Be4 f5 29. gxf5 Bxf5 30. Qd2 Bxe4 31. fxe4 Rf4 32. Rhg1 Rbf7 33. Rxg5 Qf8 34. Rg8+ Qxg8 35. Rxg8+ Kxg8 36. Qg2+ Kf8 37. Kd1 Rf1+ 38. Ke2 R1f2+ 39. Qxf2 Rxf2+ 40. Kxf2 Kf7 41. Ke3 Kg6 42. Kf3 Kxh6 43. Kg4 Kg6 44. Kh4 h5 45. Kh3 Kg5 46. b4 cxb4 47. c5 dxc5 48. d6 Kf6 0-1